000 00670cam a22002293a 4500
001 18834
003 PGUSA
005 20140828083412.0
008 060716s2006||||xxu|||||s|||||000 1 eng d
040 _aPGUSA
_beng
042 _adc
050 4 _aPR
100 1 _aCholmondeley, Mary,
_d1859-1925
245 1 0 _aPrisoners :
_bFast Bound In Misery And Iron
_h[electronic resource] /
_cMary Cholmondeley
260 _bProject Gutenberg,
_c2006
506 _aPublic domain in the USA.
516 _aElectronic text
653 _aMan-woman relationships -- Fiction
830 0 _aProject Gutenberg
_v18834
856 4 0 _uhttp://www.gutenberg.org/ebooks/18834
942 _cEB
999 _c248089
_d248089